科学漫画サバイバルシリーズ - Statistics

General Stats
  • This quiz has been taken 57 times
  • The average score is 13 of 56
Answer Stats
巻数 発売 タイトル % Correct
1 2008年8月 地震のサバイバル
68%
3 2010年10月 人体のサバイバル
68%
1 2009年7月 海のサバイバル
62%
3 2008年12月 宇宙のサバイバル
55%
1 2010年4月 山のサバイバル
55%
1 2014年8月 台風のサバイバル
55%
1 2008年2月 無人島のサバイバル
53%
3 2008年2月 昆虫世界のサバイバル
53%
1 2008年8月 砂漠のサバイバル
51%
1 2010年1月 南極のサバイバル
51%
1 2009年10月 火山のサバイバル
49%
2 2008年2月 恐竜世界のサバイバル
47%
2 2009年10月 新型ウイルスのサバイバル
43%
2 2010年4月 異常気象のサバイバル
43%
1 2009年3月 サバンナのサバイバル
40%
1 2012年1月 深海のサバイバル
40%
1 2008年5月 アマゾンのサバイバル
36%
3 2012年10月 ロボット世界
34%
1 2014年1月 竜巻のサバイバル
32%
1 2010年7月 洞窟のサバイバル
28%
2 2018年7月 AIのサバイバル
28%
1 2008年12月 氷河のサバイバル
23%
2 2011年7月 干潟のサバイバル
21%
1 2012年3月 極寒のサバイバル
21%
1 2016年11月 火災のサバイバル
21%
2 2015年6月 ナイトサファリのサバイバル
19%
2 2019年7月 飛行機のサバイバル
19%
2 2014年3月 エネルギー危機のサバイバル
17%
2 2014年10月 植物世界のサバイバル
17%
2 2012年3月 自然史ミュージアムのサバイバル
13%
1 2016年8月 水不足のサバイバル
13%
2 2020年7月 水族館のサバイバル
13%
2 2014年3月 ヒマラヤのサバイバル
11%
1 2015年3月 大気汚染のサバイバル
11%
2 2016年2月 鳥のサバイバル
11%
2 2017年3月 微生物のサバイバル
11%
2 2019年4月 アレルギーのサバイバル
11%
2 2021年7月 山火事のサバイバル
9%
2 2021年12月 地下鉄のサバイバル
9%
2 2015年7月 地中世界のサバイバル
6%
1 2017年7月 激流のサバイバル
6%
1 2018年4月 有害物質のサバイバル
6%
1 2022年10月 トンネルのサバイバル
6%
2 2013年7月 原子力のサバイバル
4%
2 2015年1月 アンコール・ワットのサバイバル
4%
1 2023年2月 大雪のサバイバル
4%
2 2023年12月 下水道のサバイバル
4%
2024年7月 海面上昇のサバイバル
4%
1 2016年11月 湿地生物のサバイバル
2%
2 2019年2月 寄生虫のサバイバル
2%
1 2020年2月 ゴミの島のサバイバル
2%
2 2020年12月 超高層ビルのサバイバル
2%
1 2022年12月 テーマパークのサバイバル
2%
1 2023年6月 水害のサバイバル
2%
1 2024年2月 巨大地震のサバイバル
2%
1 2022年7月 食糧危機のサバイバル
0%
No matching quizzes found
Score Distribution
Percent of People with Each Score
Percentile by Number Answered
Your Score History
You have not taken this quiz